Sports Quiz

Random Sports Quiz
Score 0/30 Timer 08:00
0 Plays Today
Rank Athlete % Correct
7.)LeBron James
95.4%
5.)Michael Jordan
92.2%
4.)Michael Phelps
90.4%
2.)Cristiano Ronaldo
88.2%
10.)Kobe Bryant
87.2%
1.)Lionel Messi
85.1%
11.)Roger Federer
81.9%
8.)Usain Bolt
79.2%
25.)Rafael Nadal
77.2%
18.)Peyton Manning
70.4%
27.)Eli Manning
69.9%
23.)Lance Armstrong
69.4%
15.)Tom Brady
66.2%
24.)Floyd Mayweather Jr.
64.4%
9.)Muhammad Ali
60.1%
Rank Athlete % Correct
19.)Shaquille O'Neal
56.1%
29.)Novak Djokovic
53.7%
22.)Kevin Durant
49.3%
14.)David Beckham
40.2%
6.)John Cena
39.4%
16.)Manny Pacquiao
37%
30.)Maria Sharapova
34.3%
17.)Brock Lesnar
27.9%
21.)Ryan Lochte
27.7%
20.)Fernando Torres
22.8%
26.)Anderson Silva
21.8%
3.)Jeremy Lin
14.9%
12.)Tim Tebow
12.3%
28.)Gina Carano
1.9%
13.)Billy Beane
0.3%

You're not logged in!

Compare scores with friends on all Sporcle quizzes.
OR
Log In

Sporcle TV

Today on Sporcle TV


Watch our educational content, quiz creation guides, and fun videos on Sporcle TV.

Show Comments

Extras

Top Quizzes Today


Score Distribution

Paid Content

Your Account Isn't Verified!

In order to create a playlist on Sporcle, you need to verify the email address you used during registration. Go to your Sporcle Settings to finish the process.

Report this User

Report this user for behavior that violates our Community Guidelines.

Details: